Normal view
MARC view
- الفنادق - السياحة - تعليم الالمانية
Entry Topical Term
001 - CONTROL NUMBER
- control field: 51096
003 - CONTROL NUMBER IDENTIFIER
- control field: JO-AjAnu
005 - DATE AND TIME OF LATEST TRANSACTION
- control field: 20230606082416.0
008 - FIXED-LENGTH DATA ELEMENTS
- fixed length control field: 230606|| aca||aabn | a|a d
040 ## - CATALOGING SOURCE
- Original cataloging agency: JO-AjAnu
- Transcribing agency: JO-AjAnu
150 ## - HEADING--TOPICAL TERM
- Topical term or geographic name entry element: الفنادق - السياحة - تعليم الالمانية
670 ## - SOURCE DATA FOUND
- Source citation: Work cat.: (JO-AjAnu)26116: إعداد عياد، علية عزت، إعداد ماجدة عبد المنعم حسني, author 51095, الألمانية في الفندقة والسياحة = Deutsch in Hotelwesen & tourismus